Maakoodit - Statistics

Yleistilastot
  • Tätä visaa on pelattu 3 148 kertaa
  • Keskiarvotulos 16 / 30
Vastaustilastot
Koodi Valtio % Oikein
US Yhdysvallat
99%
FR Ranska
95%
MX Meksiko
93%
AU Australia
92%
JP Japani
85%
CA Kanada
84%
ES Espanja
81%
NZ Uusi-Seelanti
76%
DK Tanska
74%
SE Ruotsi
67%
AF Afganistan
66%
GB Yhdistynyt kuningaskunta
66%
DE Saksa
60%
BR Brasilia
54%
BZ Belize
50%
IQ Irak
50%
AT Itävalta
47%
GR Kreikka
46%
CO Kolumbia
45%
CN Kiina
40%
IE Irlanti
35%
SA Saudi-Arabia
30%
EG Egypti
29%
CL Chile
28%
HR Kroatia
28%
CH Sveitsi
25%
AE Yhdistyneet arabiemiraatit
20%
SG Singapore
17%
ZA Etelä-Afrikka
13%
RS Serbia
6%
Ehtoja vastaavia visoja ei löytynyt
Tulosjakauma
Jokaisen tuloksen saaneiden osuus
Persentiili vastausten määrän mukaan
Tuloshistoriasi
Et ole pelannut tätä visaa